| 000 | 00833cam a22002651 4500 | ||
|---|---|---|---|
| 001 | 8484171 | ||
| 003 | Ke-BoTe | ||
| 005 | 20220228090410.0 | ||
| 008 | 740801s1966 nyu b 000 0 eng | ||
| 010 | _a 67080007 | ||
| 015 | _aGB67-3268 | ||
| 035 | _a(OCoLC)971489 | ||
| 040 |
_aDLC _cMCED _dViBlbV _dUk _dDLC |
||
| 042 | _apremarc | ||
| 050 | 0 | 0 |
_aBS1965 _b.A4 1966 |
| 082 | _a225/.4/8 | ||
| 130 | 0 |
_aBible. _pNew Testament. _lGreek. _f1966. _93046 |
|
| 245 | 1 | 4 |
_aThe Greek New Testament / _cedited by Kurt Aland [and others] |
| 260 |
_aNew York, _bAmerican Bible Society; _aLondon : _bBritish & Foreign Bible Society, _c1966. |
||
| 300 |
_aiv, 920 p. : _btables. ; _c20 cm. |
||
| 504 | _aBibliography: p. xlix-lv. | ||
| 700 | 1 |
_aAland, Kurt. _93047 |
|
| 906 |
_a7 _bcbc _coclcrpl _du _encip _f19 _gy-gencatlg |
||
| 942 |
_2lcc _cBK _n0 |
||
| 999 |
_c1581 _d1581 |
||